Linie 18 Straßenbahn Köln - Statistiken

Allgemein
  • Dieses Quiz wurde 49 mal gespielt
  • Das Durchschnittsergebnis liegt bei 20 aus 52
Antwortstatistiken
Antwort % Korrekt
Barbarossaplatz
85%
Neumarkt
80%
Dom/Hbf
73%
Breslauer Platz/Hbf
71%
Ebertplatz
68%
Klettenbergpark
68%
Poststraße
68%
Sülzgürtel
66%
Appellhofplatz
61%
Eifelwall/Stadtarchiv
59%
Weißhausstraße
59%
Zoo/Flora
59%
Bonn Hauptbahnhof
56%
Brühl Mitte
56%
Arnulfstraße
51%
Brühl Nord
49%
Brühl Süd
49%
Slabystraße
49%
Sülzburgstraße
49%
Thielenbruch
49%
Efferen
46%
Bornheim
44%
Hürth-Hermülheim
44%
Bonn West
37%
Reichenspergerplatz
37%
Schwadorf
37%
Brühl-Vochem
34%
Fischenich
34%
Kiebitzweg
32%
Boltensternstraße
29%
Alfter / Alanus Hochschule
24%
Badorf
24%
Merten
24%
Mülheim Wiener Platz
24%
Walberberg
24%
Brühler Straße
22%
Dellbrück Mauspfad
22%
Buchheim
20%
Dellbrück Hauptstraße
17%
Herler Straße
17%
Maria-Himmelfahrt-Straße
17%
Vischeringstraße
17%
Bf Mülheim
15%
Dransdorf
15%
Holweide
15%
Neufelder Straße
15%
Robert-Kirchhoff-Straße
15%
Roisdorf West
15%
Waldorf
15%
Wichheimer Straße
15%
Dersdorf
12%
Bornheim Rathaus
10%
Keine übereinstimmenden Quizze gefunden
Verteilung der Resultate
Anzahl Personen mit jedem Resultat
Perzentil nach korrekt beantworteten Fragen
Ihre Resultats-Entwicklung
Sie haben dieses Quiz noch nicht gespielt